[Event "Abe Yanofsky mem"]
[Site "Edmonton CAN"]
[Date "2001.05.25"]
[Round "1"]
[White "Gardner, Robert"]
[Black "Yewchuk, Simon"]
[Result "1-0"]
[WhiteElo "2322"]
[BlackElo "1663"]
[PlyCount "63"]
[GameId "2160767911564591"]
[EventDate "2001.05.25"]
[EventType "swiss"]
[EventRounds "5"]
[EventCountry "CAN"]

1. d4 d5 2. c4 e6 3. Nc3 Nf6 4. Nf3 Be7 5. e3 O-O 6. Qc2 Nbd7 7. g4 Re8 8. g5 Nh5 9. cxd5 Nb6 10. dxe6 Bxe6 11. Bd3 g6 12. e4 c6 13. Be3 Qc7 14. Ne2 Bd6 15. e5 Bf8 16. Ng3 Nxg3 17. hxg3 Nd5 18. Bd2 Rad8 19. a3 Qb6 20. Rh4 c5 21. Kf1 Rc8 22. Kg2 Ne7 23. Rah1 Nf5 24. Rxh7 Bg7 25. dxc5 Rxc5 26. Bc3 Qc6 27. Be4 Bd5 28. Bxd5 Qxd5 29. e6 Bxc3 30. Qxc3 Kf8 31. Rxf7+ Kg8 32. Rh8# 1-0

[Event "Abe Yanofsky mem"]
[Site "Edmonton CAN"]
[Date "2001.05.26"]
[Round "2"]
[White "Anderson, J."]
[Black "Ottosen, David"]
[Result "0-1"]
[WhiteElo "1650"]
[BlackElo "2130"]
[PlyCount "48"]
[GameId "2160767911564592"]
[EventDate "2001.05.25"]
[EventType "swiss"]
[EventRounds "5"]
[EventCountry "CAN"]

1. d4 d5 2. Nf3 Nc6 3. c3 Bg4 4. Bg5 f6 5. Bh4 Nh6 6. Nbd2 Nf5 7. h3 Bxf3 8. Nxf3 Nxh4 9. Nxh4 e5 10. e3 g6 11. Nf3 e4 12. Nd2 Bd6 13. Qb3 Ne7 14. c4 c6 15. cxd5 cxd5 16. Bb5+ Kf8 17. Rc1 Kg7 18. g4 Qa5 19. a3 Rac8 20. Rxc8 Rxc8 21. Kd1 Qc7 22. Ke2 a6 23. Bd3 exd3+ 24. Qxd3 Qc2 0-1

[Event "Abe Yanofsky mem"]
[Site "Edmonton CAN"]
[Date "2001.05.26"]
[Round "3"]
[White "Ottosen, David"]
[Black "Tot, Nandor"]
[Result "0-1"]
[WhiteElo "2120"]
[BlackElo "2200"]
[PlyCount "100"]
[GameId "2160767911564593"]
[EventDate "2001.05.25"]
[EventType "swiss"]
[EventRounds "5"]
[EventCountry "CAN"]

1. d4 Nf6 2. Bg5 Ne4 3. h4 Nxg5 4. hxg5 d5 5. e3 Bf5 6. Bd3 Qd7 7. Nf3 Nc6 8. Nh4 Bxd3 9. Qxd3 g6 10. c3 O-O-O 11. b4 e6 12. a4 Bg7 13. a5 e5 14. b5 Ne7 15. b6 cxb6 16. axb6 a6 17. dxe5 Bxe5 18. Nf3 Bg7 19. Nbd2 h6 20. Nb3 hxg5 21. Rg1 Qc6 22. Nbd4 Qxb6 23. Nxg5 Bxd4 24. cxd4 Qf6 25. Nf3 Rd6 26. Ke2 Qf5 27. Rgc1+ Kb8 28. Qa3 Rhd8 29. Ne5 Qe6 30. f3 Nc6 31. Nxc6+ Rxc6 32. Rxc6 Qxc6 33. Rc1 Qd6 34. Qa5 Rd7 35. Rb1 Qc6 36. Rb6 Qc2+ 37. Kf1 Ka7 38. Rb4 Qc7 39. Qa3 Rd6 40. Qb3 b5 41. Qa3 Kb6 42. Rb1 Rc6 43. Ra1 Kb7 44. Kg1 Qd6 45. Qb3 Rc4 46. Qa2 f5 47. f4 Qc6 48. Qa3 Qe6 49. Rb1 Rc2 50. Rb3 Qe4 0-1

[Event "Abe Yanofsky mem"]
[Site "Edmonton CAN"]
[Date "2001.05.27"]
[Round "5"]
[White "Gardner, Robert"]
[Black "Hughey, Micah"]
[Result "0-1"]
[WhiteElo "2322"]
[BlackElo "2101"]
[PlyCount "100"]
[GameId "2160767911564594"]
[EventDate "2001.05.25"]
[EventType "swiss"]
[EventRounds "5"]
[EventCountry "CAN"]

1. e4 e5 2. Nf3 d6 3. d4 exd4 4. Nxd4 Nf6 5. Nc3 Be7 6. Be2 O-O 7. Be3 d5 8. e5 Ne4 9. Nxe4 dxe4 10. Bc4 c5 11. Nb5 Qb6 12. O-O a6 13. Nc3 Qxb2 14. Nd5 Qxe5 15. Bf4 Qe6 16. Qe2 Bd8 17. Nc7 Qf5 18. Nxa8 Qxf4 19. Bd5 Nd7 20. Qxe4 Qb8 21. Rab1 Nf6 22. Qc4 Nxd5 23. Qxd5 Qxa8 24. Qxc5 Bd7 25. Rfe1 Bc6 26. Rb3 b6 27. Qd4 Bf6 28. Qg4 b5 29. Rd3 Bd5 30. a3 Be6 31. Qg3 Qc8 32. Rd6 a5 33. Qd3 Qc5 34. Ra6 b4 35. axb4 Qxb4 36. Qe4 Bc3 37. Qxb4 Bxb4 38. Re3 Rc8 39. h3 g6 40. c3 Rxc3 41. Rxc3 Bxc3 42. Rc6 Bb4 43. Rb6 Kg7 44. Kf1 Kf6 45. Ke2 Ke5 46. Kd3 Kd5 47. Rb8 Bf5+ 48. Ke2 Kc4 49. g4 Be6 50. Ra8 Kb3 0-1

[Event "Albert Boxer Classic"]
[Site "Winnipeg CAN"]
[Date "2001.09.01"]
[Round "1.1"]
[White "Tetrault, Charles"]
[Black "Baragar, Fletcher"]
[Result "0-1"]
[WhiteElo "1607"]
[BlackElo "2265"]
[PlyCount "47"]
[GameId "2160767911485327"]
[EventDate "2001.09.01"]
[EventType "swiss"]
[EventRounds "6"]
[EventCountry "CAN"]
[SourceTitle "EXT 2003"]
[Source "ChessBase"]
[SourceDate "2002.11.25"]
[SourceVersion "1"]
[SourceVersionDate "2002.11.25"]
[SourceQuality "1"]

1. e4 c5 2. Nc3 Nc6 3. Bc4 e6 4. f4 Nge7 5. e5 Nf5 6. Nf3 d5 7. exd6 Bxd6 8. d3 O-O 9. O-O b6 10. Ng5 h6 11. Nge4 Be7 12. g4 Nh4 13. g5 hxg5 14. fxg5 Ne5 15. Qh5 Nhg6 16. Bb3 Qd4+ 17. Rf2 Bb7 18. Bd2 c4 19. Ne2 Qd7 20. Bc3 Bxe4 21. Bxe5 Nxe5 22. Bxc4 Nxc4 23. dxc4 Bc5 24. Raf1 0-1

[Event "Albert Boxer Classic"]
[Site "Winnipeg CAN"]
[Date "2001.09.01"]
[Round "1.2"]
[White "Rasmussen, Barry"]
[Black "Gannon, Keith"]
[Result "1-0"]
[WhiteElo "2228"]
[BlackElo "1601"]
[PlyCount "79"]
[GameId "2160767911485328"]
[EventDate "2001.09.01"]
[EventType "swiss"]
[EventRounds "6"]
[EventCountry "CAN"]
[SourceTitle "EXT 2003"]
[Source "ChessBase"]
[SourceDate "2002.11.25"]
[SourceVersion "1"]
[SourceVersionDate "2002.11.25"]
[SourceQuality "1"]

1. e4 e5 2. Nf3 d6 3. d4 exd4 4. Nxd4 Nf6 5. Nc3 Be7 6. Be2 O-O 7. O-O Bd7 8. Be3 Nc6 9. f4 Nxd4 10. Bxd4 a6 11. Bf3 Bc6 12. g4 Qd7 13. g5 Ne8 14. Bg4 Qd8 15. h4 g6 16. h5 gxh5 17. Bf5 Ng7 18. Bxg7 Kxg7 19. Qxh5 Rh8 20. Rf2 d5 21. Qh6+ Kg8 22. Rh2 Bc5+ 23. Kg2 dxe4 24. Bxh7+ Rxh7 25. Qxh7+ Kf8 26. Qh8+ Ke7 27. Qe5+ Kd7 28. Qxc5 Kc8 29. Rd1 Qe8 30. Qd4 e3+ 31. Kg3 Qe7 32. Nd5 Bxd5 33. Rh8+ Kd7 34. Qxd5+ Qd6 35. Qxf7+ Kc6 36. Rxd6+ cxd6 37. Rxa8 e2 38. Rc8+ Kb6 39. Qb3+ Ka7 40. Qe3+ 1-0

[Event "Albert Boxer Classic"]
[Site "Winnipeg CAN"]
[Date "2001.09.01"]
[Round "1.3"]
[White "MacPherson, Al"]
[Black "Kaptsan, Aron"]
[Result "0-1"]
[WhiteElo "1593"]
[BlackElo "2107"]
[PlyCount "87"]
[GameId "2160767911485329"]
[EventDate "2001.09.01"]
[EventType "swiss"]
[EventRounds "6"]
[EventCountry "CAN"]
[SourceTitle "EXT 2003"]
[Source "ChessBase"]
[SourceDate "2002.11.25"]
[SourceVersion "1"]
[SourceVersionDate "2002.11.25"]
[SourceQuality "1"]

1. d4 Nf6 2. c4 e6 3. Nc3 Bb4 4. Qc2 Nc6 5. Nf3 d5 6. Bg5 h6 7. Bxf6 Qxf6 8. e3 O-O 9. a3 Bxc3+ 10. bxc3 Rd8 11. Rb1 e5 12. Qc1 b6 13. cxd5 Rxd5 14. Bb5 exd4 15. cxd4 Rd6 16. Nd2 Qg6 17. g3 Bh3 18. Rb3 Na5 19. Rc3 c6 20. Bd3 Qe6 21. Nc4 Nxc4 22. Bxc4 Qe4 23. Rg1 Rxd4 24. Be2 Rd6 25. f4 Rad8 26. Rc4 Qg6 27. Kf2 Bc8 28. Rd1 c5 29. Rc2 Bg4 30. Rxd6 Rxd6 31. Rd2 Bxe2 32. Rxd6 Qxd6 33. Kxe2 Qd5 34. Qd2 Qxd2+ 35. Kxd2 f5 36. Kd3 Kf7 37. e4 fxe4+ 38. Kxe4 Ke6 39. h3 b5 40. g4 b4 41. axb4 cxb4 42. Kd4 a5 43. h4 a4 44. Kc4 0-1

[Event "Albert Boxer Classic"]
[Site "Winnipeg CAN"]
[Date "2001.09.01"]
[Round "1.4"]
[White "Schulz, Waldemar"]
[Black "Bays, Derek"]
[Result "1-0"]
[WhiteElo "2023"]
[BlackElo "1571"]
[PlyCount "55"]
[GameId "2160767911485330"]
[EventDate "2001.09.01"]
[EventType "swiss"]
[EventRounds "6"]
[EventCountry "CAN"]
[SourceTitle "EXT 2003"]
[Source "ChessBase"]
[SourceDate "2002.11.25"]
[SourceVersion "1"]
[SourceVersionDate "2002.11.25"]
[SourceQuality "1"]

1. d4 Nf6 2. c4 e6 3. g3 Be7 4. Bg2 d5 5. Nf3 O-O 6. O-O dxc4 7. Nc3 Bd7 8. Ne5 c6 9. a4 Be8 10. a5 a6 11. Nxc4 Nbd7 12. e4 Rc8 13. Qb3 Qc7 14. Bf4 e5 15. Nxe5 Nxe5 16. Bxe5 Qd7 17. Rfd1 Ng4 18. Bh3 Qe6 19. Qxe6 fxe6 20. Bxg4 Bf7 21. d5 cxd5 22. exd5 Rc4 23. Bxe6 Bxe6 24. dxe6 Bc5 25. Bf4 Rb4 26. Rd5 Rc8 27. Rxc5 Rxc5 28. Bd6 1-0

[Event "Albert Boxer Classic"]
[Site "Winnipeg CAN"]
[Date "2001.09.01"]
[Round "1.5"]
[White "Mu, Yuchen"]
[Black "Federkevic, Danny"]
[Result "0-1"]
[WhiteElo "1986"]
[BlackElo "1560"]
[PlyCount "69"]
[GameId "2160767911485331"]
[EventDate "2001.09.01"]
[EventType "swiss"]
[EventRounds "6"]
[EventCountry "CAN"]
[SourceTitle "EXT 2003"]
[Source "ChessBase"]
[SourceDate "2002.11.25"]
[SourceVersion "1"]
[SourceVersionDate "2002.11.25"]
[SourceQuality "1"]

1. e4 e5 2. Nf3 Nc6 3. Bc4 Bc5 4. c3 Nf6 5. d4 exd4 6. cxd4 Bb4+ 7. Bd2 Bxd2+ 8. Nbxd2 d5 9. exd5 Nxd5 10. Qb3 Na5 11. Qa4+ Nc6 12. Qb3 Nce7 13. O-O O-O 14. Rfe1 Nb6 15. Bd3 Ned5 16. Ne5 Nf4 17. Bc4 Nxc4 18. Ndxc4 Qxd4 19. Rad1 Qc5 20. Re4 Ne6 21. Ne3 Ng5 22. Rd5 Qe7 23. Nxf7 Nxe4 24. Nh6+ gxh6 25. Rd7+ Qf7 26. Rxf7 Rxf7 27. Nd5 Be6 28. Qxb7 Rd8 29. Ne3 Nxf2 30. h3 Nd1 31. Nxd1 Rxd1+ 32. Kh2 Rd2 33. Qxa7 Rg7 34. Qa8+ Kf7 35. Qf3+ 0-1

[Event "Albert Boxer Classic"]
[Site "Winnipeg CAN"]
[Date "2001.09.01"]
[Round "1.6"]
[White "Lauritson, Jim"]
[Black "Vincent, Trevor"]
[Result "1-0"]
[WhiteElo "1957"]
[BlackElo "1490"]
[PlyCount "55"]
[GameId "2160767911485332"]
[EventDate "2001.09.01"]
[EventType "swiss"]
[EventRounds "6"]
[EventCountry "CAN"]
[SourceTitle "EXT 2003"]
[Source "ChessBase"]
[SourceDate "2002.11.25"]
[SourceVersion "1"]
[SourceVersionDate "2002.11.25"]
[SourceQuality "1"]

1. Nf3 c5 2. e4 Nc6 3. g3 g6 4. Bg2 Bg7 5. d3 d6 6. O-O Nf6 7. Nbd2 O-O 8. c3 Bd7 9. Nh4 Rb8 10. f4 e6 11. Ndf3 Ne8 12. f5 exf5 13. exf5 Ne5 14. Bg5 f6 15. Nxe5 dxe5 16. Be3 g5 17. Bd5+ Kh8 18. Ng2 b6 19. Bb3 Nd6 20. g4 h5 21. h3 h4 22. Nxh4 gxh4 23. Qe1 Nf7 24. Qxh4+ Kg8 25. g5 fxg5 26. Bxg5 Qc8 27. f6 Bh8 28. Qh5 1-0

[Event "Albert Boxer Classic"]
[Site "Winnipeg CAN"]
[Date "2001.09.01"]
[Round "1.7"]
[White "Hou, Jeff"]
[Black "Khedkar, Jay"]
[Result "0-1"]
[WhiteElo "1453"]
[BlackElo "1948"]
[PlyCount "44"]
[GameId "2160767911485333"]
[EventDate "2001.09.01"]
[EventType "swiss"]
[EventRounds "6"]
[EventCountry "CAN"]
[SourceTitle "EXT 2003"]
[Source "ChessBase"]
[SourceDate "2002.11.25"]
[SourceVersion "1"]
[SourceVersionDate "2002.11.25"]
[SourceQuality "1"]

1. e4 c5 2. Nf3 d6 3. d4 cxd4 4. Nxd4 Nf6 5. Nc3 a6 6. Be3 e6 7. Be2 Nbd7 8. O-O b5 9. a3 Bb7 10. Bd3 Ne5 11. f4 Neg4 12. Bd2 Qb6 13. Nce2 e5 14. fxe5 dxe5 15. c3 Be7 16. Kh1 exd4 17. Nxd4 Rd8 18. h3 Ne5 19. Qc2 O-O 20. Nf5 Rxd3 21. Nxe7+ Kh8 22. Nf5 Bxe4 0-1

[Event "Albert Boxer Classic"]
[Site "Winnipeg CAN"]
[Date "2001.09.01"]
[Round "1.8"]
[White "Katona, John"]
[Black "Trueman, Francis"]
[Result "1/2-1/2"]
[WhiteElo "1762"]
[BlackElo "1411"]
[PlyCount "40"]
[GameId "2160767911485334"]
[EventDate "2001.09.01"]
[EventType "swiss"]
[EventRounds "6"]
[EventCountry "CAN"]
[SourceTitle "EXT 2003"]
[Source "ChessBase"]
[SourceDate "2002.11.25"]
[SourceVersion "1"]
[SourceVersionDate "2002.11.25"]
[SourceQuality "1"]

1. e4 c6 2. d4 d5 3. exd5 cxd5 4. c4 Nf6 5. c5 Bf5 6. Nc3 e6 7. Nf3 Be7 8. Bb5+ Nbd7 9. O-O O-O 10. Bf4 Rc8 11. Bxd7 Nxd7 12. Nb5 a6 13. Nd6 Bxd6 14. Bxd6 Re8 15. h3 Be4 16. Qb3 b6 17. Rac1 bxc5 18. dxc5 Qf6 19. Qa3 Bxf3 20. Qxf3 Qxb2 1/2-1/2

[Event "Albert Boxer Classic"]
[Site "Winnipeg CAN"]
[Date "2001.09.01"]
[Round "1.9"]
[White "Tetrault, Claude"]
[Black "Hanrahan, Nigel"]
[Result "1/2-1/2"]
[WhiteElo "1403"]
[BlackElo "1747"]
[PlyCount "42"]
[GameId "2160767911485335"]
[EventDate "2001.09.01"]
[EventType "swiss"]
[EventRounds "6"]
[EventCountry "CAN"]
[SourceTitle "EXT 2003"]
[Source "ChessBase"]
[SourceDate "2002.11.25"]
[SourceVersion "1"]
[SourceVersionDate "2002.11.25"]
[SourceQuality "1"]

1. d4 g6 2. c4 Bg7 3. Nf3 Nf6 4. Nc3 d6 5. Bg5 h6 6. Bh4 O-O 7. e4 Bg4 8. Be2 Nbd7 9. Qc2 c5 10. Rd1 cxd4 11. Nxd4 Bxe2 12. Qxe2 Rc8 13. O-O Ne5 14. b3 Nfd7 15. f4 Nc6 16. Nxc6 bxc6 17. Rd3 Nc5 18. Rdf3 Ne6 19. Rd3 Nc5 20. Rdf3 Ne6 21. Rd3 Nc5 1/2-1/2

[Event "Albert Boxer Classic"]
[Site "Winnipeg CAN"]
[Date "2001.09.01"]
[Round "2.1"]
[White "Baragar, Fletcher"]
[Black "Lauritson, Jim"]
[Result "1-0"]
[WhiteElo "2265"]
[BlackElo "1957"]
[PlyCount "61"]
[GameId "2160767911485336"]
[EventDate "2001.09.01"]
[EventType "swiss"]
[EventRounds "6"]
[EventCountry "CAN"]
[SourceTitle "EXT 2003"]
[Source "ChessBase"]
[SourceDate "2002.11.25"]
[SourceVersion "1"]
[SourceVersionDate "2002.11.25"]
[SourceQuality "1"]

1. d4 f5 2. g3 Nf6 3. Bg2 g6 4. Nf3 Bg7 5. O-O O-O 6. c4 d6 7. b3 Qe8 8. Bb2 Nc6 9. d5 Nd8 10. Nc3 e5 11. dxe6 Nxe6 12. b4 a5 13. a3 Bd7 14. Qd2 Ra7 15. Nd5 b6 16. Rfd1 Ba4 17. Re1 Bc6 18. Nd4 Nxd4 19. Qxd4 Kh8 20. e4 Qd7 21. exf5 Nxd5 22. Qxg7+ Qxg7 23. Bxg7+ Kxg7 24. cxd5 Bd7 25. fxg6 hxg6 26. Rac1 axb4 27. axb4 g5 28. h3 Kh6 29. Re7 Rd8 30. Be4 g4 31. h4 1-0

[Event "Albert Boxer Classic"]
[Site "Winnipeg CAN"]
[Date "2001.09.01"]
[Round "2.2"]
[White "Federkevic, Danny"]
[Black "Rasmussen, Barry"]
[Result "1/2-1/2"]
[WhiteElo "1986"]
[BlackElo "2228"]
[PlyCount "35"]
[GameId "2160767911485337"]
[EventDate "2001.09.01"]
[EventType "swiss"]
[EventRounds "6"]
[EventCountry "CAN"]
[SourceTitle "EXT 2003"]
[Source "ChessBase"]
[SourceDate "2002.11.25"]
[SourceVersion "1"]
[SourceVersionDate "2002.11.25"]
[SourceQuality "1"]

1. e4 e5 2. Nf3 Nf6 3. Nxe5 d6 4. Nf3 Nxe4 5. d4 d5 6. Bd3 Nc6 7. O-O Bg4 8. Re1 f5 9. c4 Bd6 10. cxd5 Bxf3 11. gxf3 Qh4 12. Bxe4 Qxh2+ 13. Kf1 Qh3+ 14. Ke2 fxe4 15. dxc6 Qxf3+ 16. Kf1 Qh3+ 17. Ke2 Qf3+ 18. Kf1 1/2-1/2

[Event "Albert Boxer Classic"]
[Site "Winnipeg CAN"]
[Date "2001.09.01"]
[Round "2.3"]
[White "Kaptsan, Aron"]
[Black "Plocek, Jaroslav"]
[Result "1-0"]
[WhiteElo "2107"]
[BlackElo "1682"]
[PlyCount "101"]
[GameId "2160767911485338"]
[EventDate "2001.09.01"]
[EventType "swiss"]
[EventRounds "6"]
[EventCountry "CAN"]
[SourceTitle "EXT 2003"]
[Source "ChessBase"]
[SourceDate "2002.11.25"]
[SourceVersion "1"]
[SourceVersionDate "2002.11.25"]
[SourceQuality "1"]

1. d4 d5 2. c4 e6 3. Nc3 c6 4. e3 Nf6 5. Nf3 Nbd7 6. Bd3 Bd6 7. e4 dxe4 8. Nxe4 Nxe4 9. Bxe4 Nf6 10. Bc2 O-O 11. O-O Re8 12. b3 b6 13. Bb2 Bb7 14. Qd3 g6 15. Rad1 Bf8 16. Qe3 Bg7 17. Ne5 Qc7 18. Qf4 Rac8 19. Rfe1 c5 20. dxc5 Qxc5 21. Bd4 Qc7 22. f3 Red8 23. Qe3 Nd7 24. Nxd7 Rxd7 25. Bxg7 Kxg7 26. Rxd7 Qxd7 27. Rd1 Qe7 28. Qd4+ Kg8 29. Qd7 Rc7 30. Qxe7 Rxe7 31. Kf2 Rc7 32. Ke3 b5 33. Rd8+ Kg7 34. Kd4 bxc4 35. bxc4 Kf6 36. Kc3 Ke7 37. Rd2 e5 38. Kb4 f5 39. c5 e4 40. fxe4 fxe4 41. Re2 Kf6 42. Bxe4 Re7 43. Rf2+ Ke6 44. Bxb7 Rxb7+ 45. Kc4 Rg7 46. Rd2 h5 47. c6 h4 48. Kc5 g5 49. Re2+ Kf5 50. Kd6 Rg6+ 51. Kd7 1-0

[Event "Albert Boxer Classic"]
[Site "Winnipeg CAN"]
[Date "2001.09.01"]
[Round "2.6"]
[White "Hanrahan, Nigel"]
[Black "Santelices, Philip"]
[Result "0-1"]
[WhiteElo "1747"]
[BlackElo "1127"]
[PlyCount "76"]
[GameId "2160767911485340"]
[EventDate "2001.09.01"]
[EventType "swiss"]
[EventRounds "6"]
[EventCountry "CAN"]
[SourceTitle "EXT 2003"]
[Source "ChessBase"]
[SourceDate "2002.11.25"]
[SourceVersion "1"]
[SourceVersionDate "2002.11.25"]
[SourceQuality "1"]

1. c4 Nf6 2. g3 e5 3. Bg2 Nc6 4. Nc3 Be7 5. e4 O-O 6. a3 a5 7. Nge2 Bc5 8. O-O d6 9. h3 Be6 10. Nd5 Qc8 11. Kh2 Ne8 12. Nec3 f5 13. exf5 Bxf5 14. Ne4 Bxe4 15. Bxe4 Nf6 16. Nxf6+ Rxf6 17. Bd5+ Kh8 18. Bxc6 bxc6 19. Kg2 Qe6 20. Qa4 Raf8 21. f3 g5 22. d3 Rh6 23. g4 Rg6 24. Qxc6 h5 25. Rh1 Rg7 26. Qd5 Qg6 27. Qe4 Qe8 28. h4 Qa4 29. Qe2 hxg4 30. hxg5+ Kg8 31. Rf1 gxf3+ 32. Rxf3 Rxf3 33. Qxf3 Rf7 34. Qd5 Qc2+ 35. Kh3 Kg7 36. g6 Rf2 37. Bd2 Qxd2 38. Rh1 Qe3+ 0-1

[Event "Albert Boxer Classic"]
[Site "Winnipeg CAN"]
[Date "2001.09.01"]
[Round "2.8"]
[White "Mu, Yuchen"]
[Black "Proulx, Roy"]
[Result "0-1"]
[WhiteElo "1560"]
[BlackElo "1711"]
[PlyCount "56"]
[GameId "2160767911485341"]
[EventDate "2001.09.01"]
[EventType "swiss"]
[EventRounds "6"]
[EventCountry "CAN"]
[SourceTitle "EXT 2003"]
[Source "ChessBase"]
[SourceDate "2002.11.25"]
[SourceVersion "1"]
[SourceVersionDate "2002.11.25"]
[SourceQuality "1"]

1. e4 e5 2. Nf3 Nc6 3. Bc4 Nf6 4. Ng5 d5 5. exd5 Na5 6. Bb5+ c6 7. dxc6 bxc6 8. Be2 h6 9. Nf3 e4 10. Ne5 Bd6 11. d4 O-O 12. Nc3 Qc7 13. Ng4 Nxg4 14. Bxg4 f5 15. Be2 Bd7 16. b3 Rae8 17. h3 f4 18. Bb2 f3 19. Bf1 e3 20. gxf3 exf2+ 21. Kxf2 Bg3+ 22. Kg1 Qf4 23. Bc1 Qd6 24. Ne2 Rxf3 25. Bg2 Rxe2 26. Bxf3 Re1+ 27. Qxe1 Bxe1 28. Bb2 Qg3+ 0-1

[Event "Albert Boxer Classic"]
[Site "Winnipeg CAN"]
[Date "2001.09.01"]
[Round "2.9"]
[White "Vincent, Trevor"]
[Black "Tetrault, Charles"]
[Result "1/2-1/2"]
[WhiteElo "1490"]
[BlackElo "1607"]
[PlyCount "36"]
[GameId "2160767911485342"]
[EventDate "2001.09.01"]
[EventType "swiss"]
[EventRounds "6"]
[EventCountry "CAN"]
[SourceTitle "EXT 2003"]
[Source "ChessBase"]
[SourceDate "2002.11.25"]
[SourceVersion "1"]
[SourceVersionDate "2002.11.25"]
[SourceQuality "1"]

1. c4 e5 2. Nc3 g6 3. g3 Bg7 4. Bg2 Nc6 5. Nf3 d6 6. O-O f5 7. d3 Nf6 8. Bd2 O-O 9. Rb1 Bd7 10. b4 a6 11. a4 Nh5 12. b5 axb5 13. axb5 Ne7 14. Qb3 c6 15. bxc6 bxc6 16. c5+ d5 17. e4 Rb8 18. Qa2 Ra8 1/2-1/2

[Event "Albert Boxer Classic"]
[Site "Winnipeg CAN"]
[Date "2001.09.01"]
[Round "2.10"]
[White "Gannon, Keith"]
[Black "Gibbons, Lorne"]
[Result "1/2-1/2"]
[WhiteElo "1601"]
[BlackElo "1357"]
[PlyCount "86"]
[GameId "2160767911485343"]
[EventDate "2001.09.01"]
[EventType "swiss"]
[EventRounds "6"]
[EventCountry "CAN"]
[SourceTitle "EXT 2003"]
[Source "ChessBase"]
[SourceDate "2002.11.25"]
[SourceVersion "1"]
[SourceVersionDate "2002.11.25"]
[SourceQuality "1"]

1. e4 c5 2. Nf3 d6 3. d4 cxd4 4. Nxd4 e5 5. Nf3 Nf6 6. Nc3 Bg4 7. Be2 Be7 8. O-O O-O 9. Re1 Bxf3 10. Bxf3 Nc6 11. Be3 b6 12. Nd5 Rc8 13. Nxe7+ Qxe7 14. c3 Nd8 15. Qd2 Ne6 16. Rad1 Rfd8 17. Qe2 Nc5 18. Bg5 h6 19. Bxf6 Qxf6 20. Rd2 Rc6 21. b3 Qe7 22. c4 Ne6 23. Qd1 Qf6 24. Bg4 Ng5 25. Rd3 g6 26. Qd2 h5 27. Bd1 Kg7 28. Rg3 Ne6 29. Qe3 Kf8 30. Qh6+ Ke7 31. Qd2 Qf4 32. Qe3 Rcc8 33. Rf3 Qxe3 34. Rfxe3 Rh8 35. h3 g5 36. g3 Rcg8 37. Kg2 h4 38. g4 Nf4+ 39. Kh2 a5 40. Rc3 Rc8 41. Ree3 Rc7 42. a3 Rhc8 43. a4 Rc5 1/2-1/2

[Event "Albert Boxer Classic"]
[Site "Winnipeg CAN"]
[Date "2001.09.01"]
[Round "2.12"]
[White "Bays, Derek"]
[Black "Hou, Jeff"]
[Result "1-0"]
[WhiteElo "1571"]
[BlackElo "1453"]
[PlyCount "53"]
[GameId "2160767911485345"]
[EventDate "2001.09.01"]
[EventType "swiss"]
[EventRounds "6"]
[EventCountry "CAN"]
[SourceTitle "EXT 2003"]
[Source "ChessBase"]
[SourceDate "2002.11.25"]
[SourceVersion "1"]
[SourceVersionDate "2002.11.25"]
[SourceQuality "1"]

1. c4 c5 2. e4 Nc6 3. Nc3 Nf6 4. Nf3 d6 5. d4 cxd4 6. Nxd4 e6 7. Be2 Be7 8. O-O O-O 9. Nf3 Bd7 10. Qc2 Qc7 11. Nb5 Qb6 12. Be3 Qd8 13. Rad1 a6 14. Nxd6 Bxd6 15. Rxd6 Nb4 16. Qb1 Qc7 17. e5 Ne8 18. Ng5 f5 19. exf6 Nxf6 20. Rfd1 Bc8 21. Rxe6 Bxe6 22. Nxe6 Qf7 23. Nxf8 Rxf8 24. b3 Nh5 25. c5 Nf4 26. Bc4 Nfd5 27. a3 1-0

[Event "Albert Boxer Classic"]
[Site "Winnipeg CAN"]
[Date "2001.09.02"]
[Round "3.2"]
[White "Schulz, Waldemar"]
[Black "Katona, John"]
[Result "1-0"]
[WhiteElo "2023"]
[BlackElo "1762"]
[PlyCount "85"]
[GameId "2160767911485347"]
[EventDate "2001.09.01"]
[EventType "swiss"]
[EventRounds "6"]
[EventCountry "CAN"]
[SourceTitle "EXT 2003"]
[Source "ChessBase"]
[SourceDate "2002.11.25"]
[SourceVersion "1"]
[SourceVersionDate "2002.11.25"]
[SourceQuality "1"]

1. Nf3 d6 2. e4 c5 3. d4 cxd4 4. Nxd4 Nf6 5. Nc3 a6 6. Be2 e6 7. a4 Bd7 8. Be3 Nc6 9. O-O Nxd4 10. Bxd4 Bc6 11. f3 Be7 12. Qe1 Qc7 13. Qf2 d5 14. e5 Nd7 15. f4 O-O-O 16. Qe3 Rde8 17. Bh5 g6 18. Bg4 h5 19. Bh3 Rhg8 20. g3 g5 21. f5 g4 22. Bg2 Bg5 23. Qe2 h4 24. fxe6 fxe6 25. b4 Nb6 26. b5 axb5 27. axb5 Bd7 28. Qf2 hxg3 29. hxg3 Bd8 30. Bxd5 Ref8 31. Qxf8 Rxf8 32. Rxf8 exd5 33. Nxd5 Nxd5 34. Ra8+ Qb8 35. Rxb8+ Kxb8 36. Rxd8+ Kc7 37. Rg8 Bxb5 38. Rxg4 Bd7 39. Rg7 Kc8 40. c4 Nc7 41. Bb6 Ne8 42. Re7 Nc7 43. Bxc7 1-0

[Event "Albert Boxer Classic"]
[Site "Winnipeg CAN"]
[Date "2001.09.02"]
[Round "3.3"]
[White "Tetrault, Claude"]
[Black "Federkevic, Danny"]
[Result "0-1"]
[WhiteElo "1403"]
[BlackElo "1986"]
[PlyCount "115"]
[GameId "2160767911485348"]
[EventDate "2001.09.01"]
[EventType "swiss"]
[EventRounds "6"]
[EventCountry "CAN"]
[SourceTitle "EXT 2003"]
[Source "ChessBase"]
[SourceDate "2002.11.25"]
[SourceVersion "1"]
[SourceVersionDate "2002.11.25"]
[SourceQuality "1"]

1. d4 Nf6 2. c4 g6 3. Nf3 Bg7 4. Nc3 O-O 5. Bg5 d6 6. e4 Nbd7 7. Be2 e5 8. Qc2 c6 9. Rd1 Re8 10. O-O Qe7 11. Bh4 Nf8 12. d5 c5 13. Rd3 h6 14. h3 g5 15. Bg3 Ng6 16. Kh2 h5 17. Kg1 h4 18. Bh2 Nh5 19. Nxh4 Ngf4 20. Bxh5 Nxd3 21. Qxd3 gxh4 22. Qf3 Rf8 23. Re1 a6 24. Qd1 Bh6 25. Bg4 Kh7 26. Bxc8 Raxc8 27. Qg4 Rb8 28. f4 exf4 29. Bxf4 Bxf4 30. Qf5+ Kg7 31. Qxf4 Qf6 32. Qg4+ Kh6 33. Rf1 Qg5 34. Qf4 Qxf4 35. Rxf4 Kg5 36. Rf5+ Kg6 37. Ne2 Rh8 38. Nf4+ Kg7 39. Rg5+ Kf6 40. Rf5+ Ke7 41. Nd3 b5 42. e5 bxc4 43. exd6+ Kxd6 44. Ne5 Kxd5 45. Nxf7+ Ke6 46. Rf2 Rhf8 47. Ng5+ Kd5 48. Re2 Rbe8 49. Rd2+ Kc6 50. Nf3 Rf4 51. Rf2 Kb5 52. Rc2 Re3 53. Kf2 Rd3 54. Kg1 Kb4 55. Ne5 Re3 56. Nf3 c3 57. bxc3+ Rxc3 58. Rb2+ 0-1